Výroba zmrazených potravin /

Gespeichert in:
Bibliographische Detailangaben
1. Verfasser: Hrubý, Jaroslav
Format: Buch
Sprache:Tschechisch
Veröffentlicht: Praha : SNTL - Státní nakladatelství technické literatury, 1963
Ausgabe:[1. vyd.]
Schriftenreihe:Řada potravinářské literatury
Schlagworte:
Online-Zugang: Volltext
Tags: Tag hinzufügen
Keine Tags, Fügen Sie den ersten Tag hinzu!

MARC

LEADER 00000cam a2200000 4500
003 SK-BrCVT
005 20220621161537.0
008 060920s1963 cs e ||||||cze d
035 |a CVTIDW1379479 
040 |b slo  |a CVTI SR  |e AACR2 
041 0 |a cze 
044 |a cs 
080 |a 664.8.037.5  |2 UDC-MRF 
100 1 |a Hrubý, Jaroslav 
245 1 0 |a Výroba zmrazených potravin /  |c Jaroslav Hrubý 
250 |a [1. vyd.] 
260 |a Praha :  |b SNTL - Státní nakladatelství technické literatury,  |c 1963 
300 |a 282 s. 
490 1 |a Řada potravinářské literatury  |3 0591916 
653 1 |a potraviny 
760 1 |t Řada potravinářské literatury 
910 |b A165095 
974 |f Knihy 
992 |a AMG 
999 |c 143163  |d 143163